Random quiz - Statistics

General Stats
  • This quiz has been taken 6 times
  • The average score is 8 of 18
Answer Stats
Hint Answer % Correct
What is the king of the dinosaurs Tyrannosaurus Rex
100%
2. China
83%
3. Germany
83%
Name the 5 largest economies as of october 1st, 2025 1. United States of America
83%
4. India
67%
5. Japan
67%
What is the most populated bureau in New York City? Brooklyn
50%
Which country in the middle east has the highest Christian proportion (31%) Lebanon
50%
What is the largest economy in Africa South Africa
33%
Which country Civil War ended in 2024 Syria
33%
What is the biggest dinosaur (Any type) Argentinosaurus
17%
What is the nickname of the Rub Al Khali desert? Empty Quarter
17%
Which Indian state has the biggest economy in India? Maharashtra
17%
What is the first dinosaur ever found Meglasaurus
17%
WHat is a night vision dinosaur that starts with N Nanuqsaurus
17%
Whatt dinosaur was found by 4 boys in Australia Ozaraptor
17%
What is the biggest CARNIVORE Dinosaur found Spinosaurus
17%
What smartest dinosaur Troodon
17%
No matching quizzes found
Score Distribution
Percent of People with Each Score
Percentile by Number Answered
Your Score History
You have not taken this quiz